La emancipación de la mujer; recopilación de artículos
Gardado en:
| Autor Principal: | |
|---|---|
| Formato: | Texto |
| Publicado: |
Madrid:
Akal
|
| Etiquetas: |
Engadir etiqueta
Sen Etiquetas, Sexa o primeiro en etiquetar este rexistro!
|
MARC
| LEADER | 00000 a a2200000 04500 | ||
|---|---|---|---|
| 001 | 23865 | ||
| 003 | |||
| 040 | |||
| 020 | |a 84-7339-071-7 | ||
| 090 | |a 164400 | ||
| 100 | |a Lenin, Vladimir Ilich | ||
| 245 | |a La emancipación de la mujer; recopilación de artículos | ||
| 260 | |a Madrid: |b Akal | ||
| 300 | |a 141 p. |b **no definido** | ||
| 999 | |c 16432 |d 16432 | ||



